1977 1610 1033 1487 1412 1529 1910 1129 1277 1420 1982 1695 1628 1421 1699 1783 1100 1082 1675 1274 1163 1170 1197 1039 1770 1096 1120 1737 1530 1856 1586 1906 1031 1821 1556 1794 1898 1792 1264 1570 1292 1786 1458 1161 1680 1217 1656 1951 1109 1394 1866 1385 1151 1859 1009 1449 1095 1714 1757 1541 1892 1701 1881 1234 1423 1656 1816 1051 1219 1383 1338 1530 1067 1986 1118 1260 1284 1558 1613 1154 1421 1324 1853 1204 1285 1299 1420 1056 1072 1311 1570 1201 1532 1018 1553 1180 1985 1210 1881 BCNSPRNW ULIB Ver.6.0+V

เปลี่ยนเป็นภาษาไทย

Change to English
 แสดงรายละเอียดบรรณานุกรม
  กลับหน้าหลัก

Brief Record : Get Marc (ISO 2709) : E-mail record : QR code < ปิดหน้าต่าง
LEADER : 00000nam 2200000uu 4500
001    13399111808
003     ULIB
008    110708s2550||||th 000 0 tha d
020    9789748485737
050  4 DS569^bก941ว 2550
100 0  สมรักษ์ ชัยสิงห์กานานนท์
245 10 วัฒนธรรม ความตาย กับความหลากหลายทางชาติพันธุ์ :^bมอญ โซ่ง กะเหรี่ยง ม้ง เย้า /^cสมรักษ์ ชัยสิงห์กานานนท์, สรินยา คำเมือง, อธิตา สุนทโรทก
250    พิมพ์ครั้งที่
260    กรุงเทพฯ :^bสำนักวิจัยสังคมและสุขภาพ (สวสส.),^c2550
300    vii, 184หน้า :^bภาพประกอบ ;^c30 ซม.
650  4 กลุ่มชาติพันธุ์
650  4 กลุ่มชาติพันธุ์^xผู้ป่วย^xการดูแล
650  4 ไทย^xความเป็นอยู่และประเพณี
650  4 มอญ^xความเป็นอยู่และประเพณี
650  4 โซ่ง^xความเป็นอยู่และประเพณี
650  4 กะเหรี่ยง^xความเป็นอยู่และประเพณี
650  4 ม้ง^xความเป็นอยู่และประเพณี
650  4 เย้า^xความเป็นอยู่และประเพณี
650  4 ชาวเขา^xพิธีศพ
650  4 ชนกลุ่มน้อย
700 0  สรินยา คำเมือง
700 0  อธิตา สุนทโรทก
945    ^p120^l0^i023254
995    ทศพร
999 ^a ใช้งานได้ทุกระบบ
รายการนี้ยังไม่มีแท็ก
คุณยังไม่ได้ล็อกอิน คุณสามารถมีกิจกรรมร่วมกับเว็บไซต์ได้ แต่ต้องล็อกอินก่อน ::
  ล็อกอิน

รายการสื่อสารสนเทศ

ลำดับที่ ประเภท เลขเรียก/บาร์โค้ด สถานที่ สถานะ
- ไม่พบข้อมูล -

รายการใกล้เคียง
    ผู้แต่ง [สมรักษ์ ชัยสิงห์กานานนท์]

    หัวเรื่อง [กลุ่มชาติพันธุ์]
    หัวเรื่อง [ชนกลุ่มน้อย]

BibComment


ยังไม่เคยถูกคอมเมนท์

คอมเมนท์ทรัพยากรรายการนี้
  คอมเมนท์: วัฒนธรรม ความตาย ..


 Copyright 2026. Bcnsprnw @Library